Model rebels : (Record no. 21892)

MARC details
000 -LEADER
fixed length control field 01410cam a22003494a 4500
001 - CONTROL NUMBER
control field 11898518
003 - CONTROL NUMBER IDENTIFIER
control field MUT
005 - DATE AND TIME OF LATEST TRANSACTION
control field 20240606081546.0
008 - FIXED-LENGTH DATA ELEMENTS--GENERAL INFORMATION
fixed length control field 000128s2001 cauaf b s001 0 eng
010 ## - LIBRARY OF CONGRESS CONTROL NUMBER
LC control number 00022321
020 ## - INTERNATIONAL STANDARD BOOK NUMBER
International Standard Book Number 0520225325 (alk. paper)
020 ## - INTERNATIONAL STANDARD BOOK NUMBER
International Standard Book Number 0520225333 (pbk.: alk. paper)
040 ## - CATALOGING SOURCE
Original cataloging agency DLC
Transcribing agency MUT
Modifying agency DLC
042 ## - AUTHENTICATION CODE
Authentication code pcc
043 ## - GEOGRAPHIC AREA CODE
Geographic area code a-cc-hp
050 00 - LIBRARY OF CONGRESS CALL NUMBER
Classification number HC428.T23
Item number G54 2001
082 00 - DEWEY DECIMAL CLASSIFICATION NUMBER
Classification number 330.951/154
Edition information 21
100 1# - MAIN ENTRY--PERSONAL NAME
Personal name Gilley, Bruce,
Dates associated with a name 1966-
245 10 - TITLE STATEMENT
Title Model rebels :
Remainder of title the rise and fall of China's richest village /
260 ## - PUBLICATION, DISTRIBUTION, ETC.
Place of publication, distribution, etc. Berkeley :
Name of publisher, distributor, etc. University of California Press,
Date of publication, distribution, etc. c2001.
300 ## - PHYSICAL DESCRIPTION
Extent xvi, 219 p., [10] p. of plates :
Other physical details ill.;
Dimensions 24 cm.
504 ## - BIBLIOGRAPHY, ETC. NOTE
Bibliography, etc. note Includes bibliographical references (p. 207-210) and index.
600 10 - SUBJECT ADDED ENTRY--PERSONAL NAME
Personal name Yu, Zuomin
General subdivision Political activity.
650 #0 - SUBJECT ADDED ENTRY--TOPICAL TERM
Topical term or geographic name entry element Crime
Geographic subdivision China
-- Daqiu Zhuang.
650 #0 - SUBJECT ADDED ENTRY--TOPICAL TERM
Topical term or geographic name entry element Peasants
Geographic subdivision China
-- Daqiu Zhuang.
651 #0 - SUBJECT ADDED ENTRY--GEOGRAPHIC NAME
Geographic name Daqiu Zhuang (China)
General subdivision Economic conditions.
856 42 - ELECTRONIC LOCATION AND ACCESS
Materials specified Contributor biographical information
Uniform Resource Identifier <a href="http://www.loc.gov/catdir/bios/ucal052/00022321.html">http://www.loc.gov/catdir/bios/ucal052/00022321.html</a>
856 42 - ELECTRONIC LOCATION AND ACCESS
Materials specified Publisher description
Uniform Resource Identifier <a href="http://www.loc.gov/catdir/description/ucal042/00022321.html">http://www.loc.gov/catdir/description/ucal042/00022321.html</a>
906 ## - LOCAL DATA ELEMENT F, LDF (RLIN)
a 7
b cbc
c orignew
d 1
e ocip
f 20
g y-gencatlg
942 ## - ADDED ENTRY ELEMENTS (KOHA)
Source of classification or shelving scheme Library of Congress Classification
Koha item type Books
Holdings
Withdrawn status Lost status Source of classification or shelving scheme Damaged status Not for loan Home library Current library Shelving location Date acquired Source of acquisition Total checkouts Full call number Barcode Date last seen Price effective from Koha item type
    Library of Congress Classification     Murang'a University of Technology Library Murang'a University of Technology Library General stacks 27/06/2022 Donation- TFC   HC428.T23 G54 2001 030452 30/08/2024 27/06/2022 Books